Normal view
MARC view
Entry Personal Name
Number of records used in: 485
001 - CONTROL NUMBER
- control field: 54088
003 - CONTROL NUMBER IDENTIFIER
- control field: dpl
005 - DATE AND TIME OF LATEST TRANSACTION
- control field: 20121205155707.0
008 - FIXED-LENGTH DATA ELEMENTS
- fixed length control field: 121205|||a|||||| | ||| d
040 ## - CATALOGING SOURCE
- Original cataloging agency: dpl
- Transcribing agency: dpl
100 ## - HEADING--PERSONAL NAME
- Personal name: تر تیب و پیشکسش محمد حشمت اللہ کولکتوی
670 ## - SOURCE DATA FOUND
- Source citation: Work cat.: (dpl): 12785 تر تیب و پیشکسش محمد حشمت اللہ کولکتوی, برجس بیگم کے افسانے اور نا ول کفارۂ ا د یبوں کی نظر میں /
670 ## - SOURCE DATA FOUND
- Source citation: Work cat.: (dpl): 12785 تر تیب و پیشکسش محمد حشمت اللہ کولکتوی, برجس بیگم کے افسانے اور نا ول کفارۂ ا د یبوں کی نظر میں /
